|
|
|
|
| LEADER |
00682cam a2200205 7i4500 |
| 001 |
0000008593 |
| 005 |
20170218090000.0 |
| 020 |
|
|
|a 9780071226882
|
| 020 |
|
|
|a 0071226885 (pbk.)
|
| 090 |
0 |
0 |
|a HF5635
|b .T43 2002
|
| 100 |
1 |
|
|a Thomas, Andrew
|
| 245 |
1 |
3 |
|a An introduction to financial accounting
|c Andrew Thomas.
|
| 250 |
|
|
|a 4th ed.
|
| 260 |
|
|
|a Boston:
|b McGraw-Hill,
|c 2002.
|
| 300 |
|
|
|a xvii, 572 p.:
|b col. ill.;
|c 26 cm.
|
| 650 |
0 |
0 |
|a Accounting
|
| 997 |
|
|
|a Business & Accountancy, Faculty
|
| 999 |
|
|
|a 0000021986
|b BOK
|c OPEN SHELF
|e 1st Floor, Shah Alam
|
| 999 |
|
|
|a 0000024036
|b BOK
|c OPEN SHELF
|e 1st Floor, Shah Alam
|
| 999 |
|
|
|a 0000024037
|b BOK
|c OPEN SHELF
|e 1st Floor, Shah Alam
|